<?xml version="1.0" encoding="UTF-8"?><?xml-stylesheet type="text/xsl" href="static/style.xsl"?><OAI-PMH xmlns="http://www.openarchives.org/OAI/2.0/" xmlns:xsi="http://www.w3.org/2001/XMLSchema-instance" xsi:schemaLocation="http://www.openarchives.org/OAI/2.0/ http://www.openarchives.org/OAI/2.0/OAI-PMH.xsd"><responseDate>2026-04-14T07:45:41Z</responseDate><request verb="GetRecord" identifier="oai:www.recercat.cat:10230/28311" metadataPrefix="marc">https://recercat.cat/oai/request</request><GetRecord><record><header><identifier>oai:recercat.cat:10230/28311</identifier><datestamp>2025-12-24T08:58:51Z</datestamp><setSpec>com_2072_6</setSpec><setSpec>col_2072_452952</setSpec></header><metadata><record xmlns="http://www.loc.gov/MARC21/slim" xmlns:dcterms="http://purl.org/dc/terms/" xmlns:xsi="http://www.w3.org/2001/XMLSchema-instance" xmlns:doc="http://www.lyncode.com/xoai" xsi:schemaLocation="http://www.loc.gov/MARC21/slim http://www.loc.gov/standards/marcxml/schema/MARC21slim.xsd">
   <leader>00925njm 22002777a 4500</leader>
   <datafield ind2=" " ind1=" " tag="042">
      <subfield code="a">dc</subfield>
   </datafield>
   <datafield ind2=" " ind1=" " tag="720">
      <subfield code="a">Rodríguez Martínez, Ruth, 1976-</subfield>
      <subfield code="e">author</subfield>
   </datafield>
   <datafield ind2=" " ind1=" " tag="720">
      <subfield code="a">Suárez Villegas, Juan Carlos</subfield>
      <subfield code="e">author</subfield>
   </datafield>
   <datafield ind2=" " ind1=" " tag="720">
      <subfield code="a">Mauri, Marcel, 1977-</subfield>
      <subfield code="e">author</subfield>
   </datafield>
   <datafield ind2=" " ind1=" " tag="720">
      <subfield code="a">López-Meri, Amparo</subfield>
      <subfield code="e">author</subfield>
   </datafield>
   <datafield ind2=" " ind1=" " tag="260">
      <subfield code="c">2017-03-27T10:39:29Z</subfield>
   </datafield>
   <datafield ind2=" " ind1=" " tag="260">
      <subfield code="c">2017-03-27T10:39:29Z</subfield>
   </datafield>
   <datafield ind2=" " ind1=" " tag="260">
      <subfield code="c">2017</subfield>
   </datafield>
   <datafield ind2=" " ind1=" " tag="520">
      <subfield code="a">La responsabilidad de los medios de comunicación y de los profesionales de la información ha de expresarse a través de mecanismos de rendición de cuentas (media accountability) que permitan conocer el grado de cumplimiento de valores como el pluralismo, la transparencia y la veracidad informativa. Este proyecto busca detectar las culturas periodísticas existentes en distintas comunidades autónomas de España, y examinar el impacto de los instrumentos de rendición de cuentas o media accountability systems en cada territorio. El trabajo parte de la hipótesis de que la cultura periodística en España no responde a un único modelo de sistema de medios (modelo mediterráneo o pluralista polarizado), como señalan Hallin y Mancini en Comparing Media Systems, sino que la diversidad de culturas periodísticas requiere matizar esta clasificación. La metodología combina la técnica de la encuesta online a diferentes actores mediáticos y diversos focus group con expertos, responsable de medios y ciudadanos. Los resultados permitirán diseñar y proporcionar a los medios modelos de evaluación de rendición de cuentas que integren valores como la transparencia y la pluralidad.</subfield>
   </datafield>
   <datafield ind2=" " ind1=" " tag="520">
      <subfield code="a">Media accountability must be performed through mechanisms that allow the public to measure the commitment of journalists and information professionals to such values as pluralism, transparency and accuracy. This article seeks to identify the journalistic cultures existing in the several Spanish autonomous communities and to measure the impact of the media accountability systems implemented in each one of these communitites. The study is based on the hypothesis that journalistic culture in Spain does not respond to a unique media system or model (like the mediterranean or polarised pluralist models), as argued by Hallin and Mancini in Comparing Media Systems. Conversely, researchers believe that a wide range of journalistic cultures coexist in Spain, and that this fact demands the review of such classification. The research design combines an online survey among different media actors and focus groups of citizens, media experts, and media professionals. The results will allow the design and assessment of media accountability models in which values ​​such as transparency and plurality are integrated.</subfield>
   </datafield>
   <datafield ind2=" " ind1=" " tag="520">
      <subfield code="a">Este trabajo se enmarca en el proyecto “MediaACES. Accountability y Culturas Periodísticas en España.  Impacto  y  propuesta  de  buenas  prácticas  en  los  medios  de  comunicación  españoles” (CSO2015-66404-P), financiado  por  el  Ministerio  de  Economía  y  Competitividad  del  Gobierno  de España.</subfield>
   </datafield>
   <datafield tag="653" ind2=" " ind1=" ">
      <subfield code="a">Rendición de cuentas</subfield>
   </datafield>
   <datafield tag="653" ind2=" " ind1=" ">
      <subfield code="a">Culturas periodísticas</subfield>
   </datafield>
   <datafield tag="653" ind2=" " ind1=" ">
      <subfield code="a">Autorregulación</subfield>
   </datafield>
   <datafield tag="653" ind2=" " ind1=" ">
      <subfield code="a">Transparencia</subfield>
   </datafield>
   <datafield tag="653" ind2=" " ind1=" ">
      <subfield code="a">Ética periodística</subfield>
   </datafield>
   <datafield tag="653" ind2=" " ind1=" ">
      <subfield code="a">España</subfield>
   </datafield>
   <datafield tag="653" ind2=" " ind1=" ">
      <subfield code="a">Media accountability systems</subfield>
   </datafield>
   <datafield tag="653" ind2=" " ind1=" ">
      <subfield code="a">Journalistic cultures</subfield>
   </datafield>
   <datafield tag="653" ind2=" " ind1=" ">
      <subfield code="a">Self-regulation</subfield>
   </datafield>
   <datafield tag="653" ind2=" " ind1=" ">
      <subfield code="a">Transparency</subfield>
   </datafield>
   <datafield tag="653" ind2=" " ind1=" ">
      <subfield code="a">Journalism ethics</subfield>
   </datafield>
   <datafield tag="653" ind2=" " ind1=" ">
      <subfield code="a">Spain</subfield>
   </datafield>
   <datafield ind2="0" ind1="0" tag="245">
      <subfield code="a">‘Accountability y culturas periodísticas en España: impacto y propuesta de buenas prácticas en los medios de comunicación españoles’ (MediaACES) = Accountability and media systems in Spain: real impact and good practices in Spanish Media</subfield>
   </datafield>
</record></metadata></record></GetRecord></OAI-PMH>